A study of anxiety of high school students in English classrooms in An Giang province : Master Thesis - Major: Principles and Methods in English Language Education
The present study aimed to explore high-school students' anxiety in English classrooms. The results showed that the students had significant anxiety in English classrooms. There were no significant differences in level of anxiety between male students and female students.
Đã lưu trong:
| Hovedforfatter: | |
|---|---|
| Format: | Bog |
| Sprog: | Undetermined |
| Udgivet: |
Can Tho
Can Tho University
2008
|
| Fag: | |
| Tags: |
Tilføj Tag
Ingen Tags, Vær først til at tagge denne postø!
|
| Thư viện lưu trữ: | Trung tâm Học liệu Trường Đại học Cần Thơ |
|---|
| LEADER | 01141nam a2200229Ia 4500 | ||
|---|---|---|---|
| 001 | CTU_152808 | ||
| 008 | 210402s9999 xx 000 0 und d | ||
| 082 | |a 428.0712 | ||
| 082 | |b H116 | ||
| 088 | |a 60140111 | ||
| 100 | |a Trần, Thị Thanh Hằng | ||
| 245 | 2 | |a A study of anxiety of high school students in English classrooms in An Giang province : | |
| 245 | 0 | |b Master Thesis - Major: Principles and Methods in English Language Education | |
| 245 | 0 | |c Trần Thị Thanh Hằng ; Supervisor Nguyễn Thành Đức | |
| 260 | |a Can Tho | ||
| 260 | |b Can Tho University | ||
| 260 | |c 2008 | ||
| 520 | |a The present study aimed to explore high-school students' anxiety in English classrooms. The results showed that the students had significant anxiety in English classrooms. There were no significant differences in level of anxiety between male students and female students. | ||
| 650 | |a English language,Tiếng Anh,English language,Tiếng Anh | ||
| 650 | |x Study and teaching,Dạy và học,Research,Nghiên cứu | ||
| 904 | |i Trọng Hải | ||
| 980 | |a Trung tâm Học liệu Trường Đại học Cần Thơ | ||